Normální a patologická láska

Saved in:
Bibliographic Details
Main Author Kernberg, Otto F., 1928- (Author)
Other Authors Müller, Ivo, 1967- (Translator)
Format Book
LanguageCzech
Published Praha : Portál, 2026
EditionVydání třetí, upravené, v této edici první
Subjects
ISBN978-80-262-2409-9
Physical Description303 stran ; 20 cm

Cover

LEADER 00000nam a2200000 i 4500
001 115597
003 CZ ZlUTB
005 20260505141350.0
007 ta
008 260218s2026 xr e 000 0 cze
015 |a cnb003741384 
020 |a 978-80-262-2409-9  |q (brožováno) 
040 |a ABA001  |b cze  |d BOA001  |e rda 
041 1 |a cze  |h eng 
072 7 |a 159.96  |x Zvláštní duševní stavy a procesy. Hlubinná psychologie  |2 Konspekt  |9 17 
080 |a 316.474  |2 MRF 
080 |a 616.89-008.444.9  |2 MRF 
080 |a 316.472.42  |2 MRF 
080 |a 613.88  |2 MRF 
080 |a 612.6.057  |2 MRF 
080 |a 616.89-008.442  |2 MRF 
080 |a 159.964.2  |2 MRF 
080 |a 615.851.1  |2 MRF 
080 |a (048.8)  |2 MRF 
100 1 |a Kernberg, Otto F.,  |d 1928-  |7 jn20011210164  |4 aut 
240 1 0 |a Love relations.  |l Česky 
245 1 0 |a Normální a patologická láska /  |c Otto F. Kernberg ; z anglického originálu Love relations ... přeložil Ivo Müller 
250 |a Vydání třetí, upravené, v této edici první 
264 1 |a Praha :  |b Portál,  |c 2026 
300 |a 303 stran ;  |c 20 cm 
336 |a text  |b txt  |2 rdacontent 
337 |a bez média  |b n  |2 rdamedia 
338 |a svazek  |b nc  |2 rdacarrier 
504 |a Obsahuje bibliografie 
650 0 7 |a láska  |7 ph117230  |2 czenas 
650 0 7 |a agresivita  |7 ph114007  |2 czenas 
650 0 7 |a partnerské vztahy  |7 ph115684  |2 czenas 
650 0 7 |a sexualita  |7 ph116134  |2 czenas 
650 0 7 |a psychosexuální poruchy  |7 ph241652  |2 czenas 
650 0 7 |a psychoanalýza  |7 ph117255  |2 czenas 
650 0 7 |a psychoanalytická psychoterapie  |7 ph867516  |2 czenas 
650 0 9 |a love  |2 eczenas 
650 0 9 |a aggressiveness  |2 eczenas 
650 0 9 |a partner relationships  |2 eczenas 
650 0 9 |a sexuality  |2 eczenas 
650 0 9 |a psychosexual disorders  |2 eczenas 
650 0 9 |a psychoanalysis  |2 eczenas 
650 0 9 |a psychoanalytic psychoterapy  |2 eczenas 
655 7 |a studie  |7 fd133597  |2 czenas 
655 9 |a studies  |2 eczenas 
700 1 |a Müller, Ivo,  |d 1967-  |7 jn20001227147  |4 trl 
710 2 |a Portál (nakladatelství)  |7 ko2003199531  |4 pbl 
910 |a ZLD002 
942 |2 udc 
952 |0 0  |1 0  |4 0  |6 15KERNBERGOF  |7 0  |8 BOOK  |9 191015  |a UTBZL  |b UTBZL  |c 006  |d 2026-05-05  |l 0  |o 15/KERNBERG,O.F.  |p 420010201910  |r 2026-05-05 14:14:37  |v 499.00  |w 2026-05-05  |x N:nákup  |y 04 
992 |a BK  |b SKNEW 
999 |c 115597  |d 115597